Cities by Skyline #2 - Statistics

General Stats
  • This quiz has been taken 141 times
  • The average score is 7 of 15
Answer Stats
Picture Answer % Correct
Kuala Lumpur
87%
Tokyo
86%
Toronto
80%
Taipei
75%
Riyadh
71%
Mexico City
51%
Guangzhou
44%
Auckland
39%
Milan
32%
Madrid
30%
Atlanta
29%
Jakarta
27%
Lagos
22%
Bogota
19%
Nagoya
9%
No matching quizzes found
Score Distribution
Percent of People with Each Score
Percentile by Number Answered
Your Score History
You have not taken this quiz